De la plata a la cocaína: cinco siglos de historia económica de América Latina, 1500-2000
Gardado en:
| Main Authors: | , , |
|---|---|
| Formato: | Libro |
| Idioma: | Lingua castelá |
| Publicado: |
Ciudad de México
El Colegio de México
2017
Ciudad de México Fondo de Cultura Económica 2017 |
| Edición: | 1a. ed |
| Subjects: | |
| Tags: |
Engadir etiqueta
Sen Etiquetas, Sexa o primeiro en etiquetar este rexistro!
|
MARC
| LEADER | 00000cam a2200000 a 4500 | ||
|---|---|---|---|
| 001 | UCC3064 | ||
| 003 | CL-VaPUC | ||
| 008 | 180413e20170000mx |||||||||||||||||spa|d | ||
| 020 | |a 9786074629132 | ||
| 082 | 0 | 4 | |a 382.0972 |b MAR |2 21 |
| 100 | |a Marichal, Carlos |e autor |9 597116 | ||
| 700 | 0 | |a Topik, Steven |e author |9 597117 | |
| 700 | 0 | |a Frank, Zephyr |e author |9 597118 | |
| 245 | 1 | 0 | |a De la plata a la cocaína: cinco siglos de historia económica de América Latina, 1500-2000 |
| 250 | |a 1a. ed | ||
| 300 | |a 526 p | ||
| 942 | |c BK | ||
| 945 | |d 20180413 15:45:00 |a dcastane | ||
| 260 | |a Ciudad de México |b El Colegio de México |c 2017 | ||
| 260 | |a Ciudad de México |b Fondo de Cultura Económica |c 2017 | ||
| 650 | 7 | |a HISTORIA ECONOMICA SIGLO 15 |2 CL-VaPUC |9 322374 | |
| 650 | 7 | |a HISTORIA ECONOMICA SIGLO 20 |2 CL-VaPUC |9 437093 | |
| 650 | 0 | |a Comercio exterior |9 257617 | |
| 583 | |a last modification |c 20181113 11:55:46 |k Rodrigo Vera | ||
| 999 | |c 370923 |d 370921 | ||
| 952 | |0 0 |1 0 |3 erb |4 0 |6 382_097200000000000_MAR_2017_2017 |7 0 |8 A |9 487694 |a BIBHIS |b BIBHIS |i 5464315 |l 1 |o 382.0972 MAR 2017 2017 |p 5464315 |r 2025-01-20 |s 2022-10-03 |w 2019-11-24 |y BK |z Catalogado en:20180413 |k HIS | ||
| 952 | |0 0 |1 0 |3 erb |4 0 |6 382_097200000000000_MAR_2017_2017 |7 0 |8 A |9 487695 |a BIBHIS |b BIBHIS |i 5464226 |o 382.0972 MAR 2017 2017 |p 5464226 |r 2025-01-20 |w 2019-11-24 |y BK |z Catalogado en:20180413 |k HIS | ||
| 952 | |0 0 |1 0 |3 erb |4 0 |6 382_097200000000000_MAR_2017_2017 |7 0 |8 A |9 487696 |a BIBHIS |b BIBHIS |i 5514150 |o 382.0972 MAR 2017 2017 |p 5514150 |r 2025-01-20 |w 2019-11-24 |y BK |z Catalogado en:20181116 |k HIS | ||